Chinese Speaking Cities Map Quiz - Statistics

General Stats
  • This quiz has been taken 618 times
  • The average score is 19 of 28
Answers on the Map
Answers color-coded by a green-red scale on the quiz's map according to % correct below.
 
Answer Stats
Answer % Correct
Beijing
95%
Hong Kong
84%
Shanghai
83%
Singapore
83%
Macau
81%
Tianjin
81%
Guangzhou
80%
Harbin
80%
Taipei
80%
Wuhan
73%
Chengdu
72%
Chongqing
72%
Dalian
70%
Shenzhen
70%
Xi'an
69%
Qingdao
67%
Kunming
65%
Nanjing
65%
Haikou
63%
Shenyang
63%
Kaohsiung
59%
Xiamen
59%
Hangzhou
57%
Hualien City
54%
Nanning
54%
Shantou
49%
Taichung
48%
Tainan
45%
No matching quizzes found
Score Distribution
Percent of People with Each Score
Percentile by Number Answered
Your Score History
You have not taken this quiz